• 首页
  • 本馆介绍
  • 公告通知
  • 最新文献
  • 馆藏检索
  • 电子资源
  • 读者导购
  • 参考咨询
  • 我的图书馆
  • 登录
  • 详细信息显示
  • 放入我的书架
  • 预约/预借图书
  • 作者相关作品
  • 分类相关作品
  • 丛书相关作品
  • 出版社相关作品

书目信息

  • 表格格式
  • 工作单格式
  • 卡片格式
题名:
燃料电池-原理.设计.应用
    
 
作者: 英詹姆斯 著 ;朱红 译
分册:  
出版信息: 北京   科学出版社  2006
页数:
开本: 26cm
丛书名:
单 册:
中图分类: TM911.4
科图分类:
主题词: 燃料电池 , 化学电源 , 电池
电子资源:
ISBN: 7-03-015642-0
000 00643nam0 2200217 450
001 0754114953
005 20070929150154.95
010    @a7-03-015642-0
100    @a20070929d km y0chiy0120 ea
101 0  @achi
200 1  @a燃料电池-原理.设计.应用@Aran liao dian chi-yuan li.she ji.ying yong@f[英]詹姆斯 著@F[ying]zhan mu si zhu@g朱红 译@Gzhu hong yi
210    @a北京@c科学出版社@d2006
215    @c插图@d26cm
606 0  @a燃料电池
606 0  @a化学电源
606 0  @a电池
690    @aTM911.4@v3
701  0 @a英詹姆斯@Aying zhan mu si@4著
702  0 @a朱红@Azhu hong@4译
801  0 @aCN@bPFT@c20070929
905    @a213230@dTM911.4@eh2@f1
    
    燃料电池-原理.设计.应用/[英]詹姆斯 著/朱红 译.-北京:科学出版社,2006
    插图;26cm
    
    
    ISBN 7-03-015642-0:
    
●
相关链接 在E读中查询图书 在五车中查询图书 在当当中查询图书 在豆瓣中查询图书


正题名:燃料电池-原理·设计·应用     索取号:TM911.4/h2         预约/预借

序号 登录号 条形码 馆藏地/架位号 状态 备注
1 6002516   260029169   密集书库-化学系/ [索取号:TM911.4/h2] 在馆    
唐山师范学院图书馆 欢迎您!
大连网信软件有限公司© 版权所有